| 000 | 00481pab a2200181 454500 | ||
|---|---|---|---|
| 008 | 180718b1996 xxu||||| |||| 00| 0 eng d | ||
| 100 | _aMahesh Prasad | ||
| 245 | _aTowards improving quality of life of masses | ||
| 260 | _c1996 | ||
| 300 | _ap.5-6,12 | ||
| 362 | _aSep | ||
| 650 | _aIndia - Politics and government | ||
| 650 | _aState budget - India | ||
| 650 | _aPolitics and government | ||
| 650 | _aEconomic and social development | ||
| 773 | _aYojana | ||
| 909 | _a32214 | ||
| 999 |
_c32214 _d32214 |
||